| 000 | 01517cam a2200361 a 4500 | ||
|---|---|---|---|
| 001 | 6384 | ||
| 003 | FISKH | ||
| 005 | 20260319150806.0 | ||
| 008 | 110912s2012 ilua j 000 0 eng c | ||
| 010 | _a 2011038198 | ||
| 020 | _a9780803737471 (hardcover) | ||
| 020 | _a9780545522731 | ||
| 040 |
_aIEN/DLC _cIEN _dDLC _beng |
||
| 050 | _aZ858.A48 R68 | ||
| 082 | _a962.055 | ||
| 100 | 1 | _aRoth, Susan L. | |
| 245 | 1 | 0 |
_aHands around the library : _bprotecting Egypt's treasured books / _cby Susan L. Roth and Karen Leggett Abouraya ; collages by Susan L. Roth. |
| 260 |
_aNew York : _bScholastic, _c2012. |
||
| 300 |
_a34 unnumbered pages : _bcolor illustrations ; _c23 x 27 cm. |
||
| 505 | _aR | ||
| 520 | _aDocuments the inspiring January 2011 story about how thousands of Egypt's students, library workers, and demonstrators joined hands around the great Library of Alexandria to protect the building and the freedom it represents. | ||
| 521 | 8 |
_a680
_bLexile |
|
| 521 | 8 |
_aR
_bRaz-Plus |
|
| 610 | 2 | 0 |
_aAliksāndrīnā (Library) _xHistory _vJuvenile literature. |
| 650 | 0 |
_aLibraries _zEgypt _zAlexandria _vJuvenile literature. |
|
| 650 | 0 |
_aLibraries _xDestruction and pillage _zEgypt _zAlexandria _vJuvenile literature. |
|
| 650 | 0 |
_aCultural property _xProtection _vJuvenile literature. |
|
| 651 | 0 |
_aEgypt _xHistory _y21st century _vJuvenile literature. |
|
| 700 | 1 |
_aAbouraya, Karen Leggett. _eAuthor |
|
| 906 |
_a7 _bcbc _corignew _d1 _eecip _f20 _gy-gencatlg |
||
| 942 |
_2ddc _cBK _n0 |
||
| 999 |
_c6384 _d6384 |
||